000 00576cam a22001933a 4500
001 35537
003 PGUSA
005 20140828083750.0
008 110310s2011||||xxu|||||s|||||000 | eng d
040 _aPGUSA
_beng
042 _adc
245 1 0 _aDo the Dead Return? :
_bA True Story of Startling Seances in San Francisco
_h[electronic resource] /
_cAnonymous
260 _bProject Gutenberg,
_c2011
506 _aPublic domain in the USA.
516 _aElectronic text
830 0 _aProject Gutenberg
_v35537
856 4 0 _uhttp://www.gutenberg.org/ebooks/35537
942 _cEB
999 _c264792
_d264792